000
00284nam a2200109Ia 4500
008
190216s9999||||xx |||||||||||||| ||und||
100
_a
Emsley H H&Amp; Loxham J
245
0
_a
Factory Costing And Organisation
260
_b
Constable And Company Ltd
_c
1948
300
_a
266p
942
_c
BK
999
_c
4456
_d
4456